书目信息 |
| 题名: |
著作权工作笔记
|
|
| 作者: | 刘杲 著 | |
| 分册: | ||
| 出版信息: | 北京 中国书籍出版社 2021.10 |
|
| 页数: | 255页 | |
| 开本: | 24cm | |
| 丛书名: | ||
| 单 册: | ||
| 中图分类: | D923.414-53 | |
| 科图分类: | ||
| 主题词: | 法律--中国 | |
| 电子资源: | ||
| ISBN: | 978-7-5068-8714-4 | |
| 000 | 00898nam0 2200205 450 | |
| 001 | 2435782166 | |
| 005 | 20241107095819.25 | |
| 010 | @a978-7-5068-8714-4@dCNY98.00 | |
| 100 | @a20241107d2021 km y0chiy0120 ea | |
| 101 | 0 | @achi |
| 102 | @aCN@b110000 | |
| 200 | 1 | @a著作权工作笔记@AZhu Zuo Quan Gong Zuo Bi Ji@f刘杲著@FLiu Gao Zhu |
| 210 | @a北京@c中国书籍出版社@d2021.10 | |
| 215 | @a255页@d24cm | |
| 330 | @a本书内容编排以时间为纵轴, 收录了刘杲同志从1983年10月至2020年9月期间版权工作的经历, 以及参与中国版权制度建设中的重要节点、重要史实, 内容既有版权工作的理论探索也有实践研究。 全书回顾我国新中国出版事业的发展和改革进程, 特别是作者直接参与的新中国著作权法体系的建立和中国加入《伯尔尼公约》《世界版权公约》等几个国际版权公约的历程 | |
| 606 | 0 | @a法律@x中国 |
| 690 | @aD923.414-53@v4 | |
| 701 | 0 | @a刘杲@ALiu Gao@4著 |
| 801 | 0 | @aCN@b河南城建学院图书馆@c20241107 |
| 905 | @dD923.414-53@eL616 | |
| 著作权工作笔记/刘杲著.-北京:中国书籍出版社,2021.10 |
| 255页;24cm |
| ISBN 978-7-5068-8714-4:CNY98.00 |
| 本书内容编排以时间为纵轴, 收录了刘杲同志从1983年10月至2020年9月期间版权工作的经历, 以及参与中国版权制度建设中的重要节点、重要史实, 内容既有版权工作的理论探索也有实践研究。 全书回顾我国新中国出版事业的发展和改革进程, 特别是作者直接参与的新中国著作权法体系的建立和中国加入《伯尔尼公约》《世界版权公约》等几个国际版权公约的历程 |
| ● |
| 相关链接 |
|
|
|
正题名:著作权工作笔记
索取号:D923.414-53/L616
 
预约/预借
| 序号 | 登录号 | 条形码 | 馆藏地/架位号 | 状态 | 备注 |
| 1 | 1553939 | 215539399 | 社科库509/509社科库 92排6列4层/ [索取号:D923.414-53/L616] | 在馆 |